LEADER 01111nam0 22002651i 450 001 UON00186771 005 20231205103156.901 010 $a88-7075-355-7 100 $a20030730d1993 |0itac50 ba 101 $aita 102 $aIT 105 $a|||| 1|||| 200 1 $aCatalogo degli editori italiani 1994$econ il Rapporto 1993 sullo stato dell'ed itoria libraria in Italia$fAssociazione Italiana Editori$gGiuliano Vigini 210 $aMilano$cEditrice Bibliografica$d1993. LI$d687 p. ; 23 cm. 606 $aItalia$xEditori$3UONC036583$2FI 620 $aIT$dMilano$3UONL000005 701 1$aVIGINI$bGiuliano$3UONV029131$08475 710 02$aAssociazione Italiana Editori$3UONV002943$024028 712 $aEditrice Bibliografica$3UONV245794$4650 801 $aIT$bSOL$c20250808$gRICA 899 $aSIBA - SISTEMA BIBLIOTECARIO DI ATENEO$2UONSI 912 $aUON00186771 950 $aSIBA - SISTEMA BIBLIOTECARIO DI ATENEO$dSI A 0026 $eSI SC 26611 5 0026 996 $aCatalogo degli editori italiani 1994$91286568 997 $aUNIOR LEADER 01868oas 2200709 a 450 001 9910142634603321 005 20260218112625.0 035 $a(DE-599)ZDB2033198-8 035 $a(OCoLC)54075204 035 $a(CONSER) 2004252591 035 $a(CKB)111061245810034 035 $a(DE-599)2033198-8 035 $a(EXLCZ)99111061245810034 100 $a20040123a19999999 sy 101 0 $aeng 135 $aurcnu|||||||| 181 $ctxt$2rdacontent 182 $cc$2rdamedia 183 $acr$2rdacarrier 200 00$aApplied sciences $eAPPS 210 $aBucharest $cUniversity Politehnica of Bucharest, Dept. of Mathematics $cBalkan Society of Geometers$d1999- 300 $aRefereed/Peer-reviewed 300 $aTitle from contents page, viewed Aug. 26, 2004. 311 08$a1454-5101 517 3 $aAPPS 517 1 $aApplied sciences papers 531 0 $aAppl. Sci. 606 $aMathematics$vPeriodicals 606 $aGeometry$vPeriodicals 606 $aGeometry$2fast$3(OCoLC)fst00940864 606 $aMathematics$2fast$3(OCoLC)fst01012163 608 $aPeriodicals.$2fast 615 0$aMathematics 615 0$aGeometry 615 7$aGeometry. 615 7$aMathematics. 712 02$aUniversitatea Politehnica? Bucures?ti.$bDepartamentul de Matematica?. 712 02$aBalkan Society of Geometers 801 0$bOUN 801 1$bOUN 801 2$bCUS 801 2$bOCLCQ 801 2$bWAU 801 2$bTJC 801 2$bOCL 801 2$bOCLCQ 801 2$bHEBIS 801 2$bOCLCQ 801 2$bOCLCO 801 2$bOCLCF 801 2$bOCLCQ 801 2$bOCLCO 801 2$bOCLCQ 801 2$bSRU 801 2$bOCLCQ 801 2$bAUD 801 2$bOCLCL 801 2$bOCLCQ 906 $aJOURNAL 912 $a9910142634603321 996 $aApplied sciences$91950769 997 $aUNINA